| 000 | 00792nam a2200289Ia 4500 | ||
|---|---|---|---|
| 001 | dia_2285 | ||
| 003 | CHAP | ||
| 005 | 20230620144937.0 | ||
| 008 | 220117s1978 xx 000 0 und d | ||
| 010 | _a172805 | ||
| 020 | _a84-302-0285-4 | ||
| 040 | _cCHAP | ||
| 082 | _a641.862 D48 1978 | ||
| 100 |
_aDeval, A. _9152518 |
||
| 245 |
_aLa industria de los helados / _c A. Deval |
||
| 250 | _a3a ed. | ||
| 260 |
_aEspaƱa : _b Sintes, _c1978 |
||
| 300 | _a135 p. | ||
| 590 | _aTX795 D48 1978 | ||
| 650 |
_aFood industry _9148657 |
||
| 650 |
_aHelados, nieves, etc. _xIndustria y comercio _9134934 |
||
| 650 |
_aIce cream _9152519 |
||
| 901 | _a641.862 D48 1978 | ||
| 902 | _aM | ||
| 905 | _a5232271978 sp a 8222223322spa16 | ||
| 942 |
_cLIBRO _2ddc |
||
| 999 |
_c172805 _d172805 |
||